000 00414cam a22001217a 4500
008 180718b1988 xxu||||| |||| 00| 0 eng d
082 _aA81x54 In2/81/1/Pt 5 A & B/5
100 _aCensus of India 1981
245 _aIndia: migration tables (table D-3) all union territory
260 _aDelhi
_bController of Publications
_c1988
300 _a1301p.
440 _aCensus of India 1981. Series-1, India. Part V-A & B (v)
999 _c481851
_d481851